<?xml version="1.0" encoding="UTF-8"?>
<record
    xmlns:xsi="http://www.w3.org/2001/XMLSchema-instance"
    xsi:schemaLocation="http://www.loc.gov/MARC21/slim http://www.loc.gov/standards/marcxml/schema/MARC21slim.xsd"
    xmlns="http://www.loc.gov/MARC21/slim">

  <leader>00515nam a22001577a 4500</leader>
  <controlfield tag="003">OSt</controlfield>
  <controlfield tag="005">20150914094430.0</controlfield>
  <controlfield tag="008">150914b        xxu||||| |||| 00| 0 eng d</controlfield>
  <datafield tag="040" ind1=" " ind2=" ">
    <subfield code="c">RUA</subfield>
  </datafield>
  <datafield tag="082" ind1=" " ind2=" ">
    <subfield code="a">AGR SOK 2001 B023 Or.1</subfield>
  </datafield>
  <datafield tag="100" ind1=" " ind2=" ">
    <subfield code="9">431</subfield>
    <subfield code="a">SOKUN VISAL</subfield>
  </datafield>
  <datafield tag="245" ind1=" " ind2=" ">
    <subfield code="a">Situation of cashew nutin svay rieng province &#x179F;&#x17B6;&#x17D2;&#x1790;&#x1793;&#x1797;&#x17B6;&#x1796;&#x178A;&#x17C6;&#x178E;&#x17B6;&#x17C6;&#x179F;&#x17D2;&#x179C;&#x17B6;&#x1799;&#x1785;&#x1793;&#x17D2;&#x1791;&#x17B8;&#x1793;&#x17C5;&#x1781;&#x17C1;&#x178F;&#x17D2;&#x178F;&#x179F;&#x17D2;&#x179C;&#x17B6;&#x1799;&#x179A;&#x17C0;&#x1784;</subfield>
  </datafield>
  <datafield tag="260" ind1=" " ind2=" ">
    <subfield code="a">Phnom Penh</subfield>
    <subfield code="b">RUA</subfield>
    <subfield code="c">2001</subfield>
  </datafield>
  <datafield tag="300" ind1=" " ind2=" ">
    <subfield code="a">44p.</subfield>
    <subfield code="b">ill.</subfield>
    <subfield code="c">29cm.</subfield>
  </datafield>
  <datafield tag="942" ind1=" " ind2=" ">
    <subfield code="2">ddc</subfield>
    <subfield code="c">AGR</subfield>
  </datafield>
  <datafield tag="999" ind1=" " ind2=" ">
    <subfield code="c">409</subfield>
    <subfield code="d">409</subfield>
  </datafield>
  <datafield tag="952" ind1=" " ind2=" ">
    <subfield code="0">0</subfield>
    <subfield code="1">0</subfield>
    <subfield code="2">ddc</subfield>
    <subfield code="4">0</subfield>
    <subfield code="6">AGR_SOK_2001_000000000000000_B023_OR_2</subfield>
    <subfield code="7">0</subfield>
    <subfield code="9">1878</subfield>
    <subfield code="a">LBB</subfield>
    <subfield code="b">LBB</subfield>
    <subfield code="c">B023</subfield>
    <subfield code="d">2015-09-14</subfield>
    <subfield code="o">AGR SOK 2001 B023 Or.2</subfield>
    <subfield code="p">RRUA002283</subfield>
    <subfield code="r">2015-09-14</subfield>
    <subfield code="w">2015-09-14</subfield>
    <subfield code="y">AGR</subfield>
  </datafield>
  <datafield tag="952" ind1=" " ind2=" ">
    <subfield code="0">0</subfield>
    <subfield code="1">0</subfield>
    <subfield code="2">ddc</subfield>
    <subfield code="4">0</subfield>
    <subfield code="6">AGR_SOK_2001_000000000000000_B023_OR_1</subfield>
    <subfield code="7">0</subfield>
    <subfield code="9">1881</subfield>
    <subfield code="a">LBB</subfield>
    <subfield code="b">LBB</subfield>
    <subfield code="c">B023</subfield>
    <subfield code="d">2015-09-14</subfield>
    <subfield code="o">AGR SOK 2001 B023 Or.1</subfield>
    <subfield code="p">RUA002683</subfield>
    <subfield code="r">2015-09-14</subfield>
    <subfield code="w">2015-09-14</subfield>
    <subfield code="y">AGR</subfield>
  </datafield>
  <datafield tag="952" ind1=" " ind2=" ">
    <subfield code="0">0</subfield>
    <subfield code="1">0</subfield>
    <subfield code="2">ddc</subfield>
    <subfield code="4">0</subfield>
    <subfield code="6">AGR_SOK_2001_000000000000000_B023_OR_3</subfield>
    <subfield code="7">0</subfield>
    <subfield code="9">2409</subfield>
    <subfield code="a">LBB</subfield>
    <subfield code="b">LBB</subfield>
    <subfield code="c">B023</subfield>
    <subfield code="d">2015-09-15</subfield>
    <subfield code="l">1</subfield>
    <subfield code="o">AGR SOK 2001 B023 Or.3</subfield>
    <subfield code="p">RUA002611</subfield>
    <subfield code="r">2016-09-16</subfield>
    <subfield code="s">2016-09-03</subfield>
    <subfield code="w">2015-09-15</subfield>
    <subfield code="y">AGR</subfield>
  </datafield>
  <datafield tag="952" ind1=" " ind2=" ">
    <subfield code="0">0</subfield>
    <subfield code="1">0</subfield>
    <subfield code="2">ddc</subfield>
    <subfield code="4">0</subfield>
    <subfield code="6">AGR_SOK_2001_000000000000000_B023_OR_4</subfield>
    <subfield code="7">0</subfield>
    <subfield code="9">2410</subfield>
    <subfield code="a">LBB</subfield>
    <subfield code="b">LBB</subfield>
    <subfield code="c">B023</subfield>
    <subfield code="d">2015-09-15</subfield>
    <subfield code="o">AGR SOK 2001 B023 Or.4</subfield>
    <subfield code="p">RUA002680</subfield>
    <subfield code="r">2015-09-15</subfield>
    <subfield code="w">2015-09-15</subfield>
    <subfield code="y">AGR</subfield>
  </datafield>
</record>
